Celebrity Offspring Tile Select - Statistics

General Stats
  • This quiz has been taken 20 times
    18 since last reset
  • The average score is 35 of 45
Answer Stats
Question Tile Select % Correct
Children of Angelina Jolie Azalea No
93%
Children of Kim Kardashian Berlin No
93%
Children of Kim Kardashian Holland No
93%
Children of Victoria Beckham Juniper No
93%
Children of Kim Kardashian Neveah No
93%
Children of Kim Kardashian North Yes
93%
Children of Victoria Beckham Piper No
93%
Children of Kim Kardashian Weston No
93%
Children of Kim Kardashian Angel No
87%
Children of Victoria Beckham Bex No
87%
Children of Victoria Beckham Brooklyn Yes
87%
Children of Angelina Jolie Harlow No
87%
Children of Will Smith Hayden No
87%
Children of Will Smith Jaden Yes
87%
Children of Will Smith Jennifer No
87%
Children of Goldie Hawn Oscar No
87%
Children of Will Smith Willow Yes
87%
Children of Victoria Beckham Bronx No
80%
Children of Goldie Hawn Claire No
80%
Children of Victoria Beckham Cruz Yes
80%
Children of Angelina Jolie Evelyn No
80%
Children of Victoria Beckham Harper Yes
80%
Children of Goldie Hawn Jade No
80%
Children of Angelina Jolie Knox Yes
80%
Children of Victoria Beckham London No
80%
Children of Angelina Jolie Maddox Yes
80%
Children of Kim Kardashian Saint Yes
80%
Children of Angelina Jolie Shiloh Yes
80%
Children of Will Smith Tia No
80%
Children of Will Smith Trinity No
80%
Children of Angelina Jolie Zahara Yes
80%
Children of Goldie Hawn Georgia No
73%
Children of Angelina Jolie Pax Yes
73%
Children of Victoria Beckham Romeo Yes
73%
Children of Angelina Jolie Vivienne Yes
73%
Children of Will Smith William No
73%
Children of Goldie Hawn Xavier No
73%
Children of Goldie Hawn Bennett No
67%
Children of Will Smith Jaxon No
67%
Children of Goldie Hawn Kate Yes
67%
Children of Kim Kardashian Psalm Yes
60%
Children of Kim Kardashian Chicago Yes
53%
Children of Goldie Hawn Wyatt Yes
53%
Children of Goldie Hawn Oliver Yes
33%
Children of Will Smith Trey Yes
20%
No matching quizzes found
Score Distribution
Percent of People with Each Score
Percentile by Number Answered
Your Score History
You have not taken this quiz since the last reset